000
00255nam a2200097Ia 4500
001
1136581
005
20250827005209.0
008
250824s9999 xx 000 0 und d
245
0
_a
İSMET İNÖNÜ GERÇEĞİ
_c
MUSTAFA ARMAĞAN
260
_b
KETEBE YAYINLARI
999
_c
1136581
_d
1136581